The stories of the Kings of Norway. Called the Round World, Heimskringla

Zapisane w:
Opis bibliograficzny
1. autor: Sturluson, Snorri
Format: Książka
Język:angielski
Wydane: London, England, United Kingdom Bernard Quaritch 1893
Seria:The Saga Library. 3, 4, 5 y 6
Hasła przedmiotowe:
Etykiety: Dodaj etykietę
Nie ma etykietki, Dołącz pierwszą etykiete!

MARC

LEADER 00000nam a2200000 a 4500
001 UCJ7418
003 CL-VaPUC
005 20241021125351.0
008 070124e18930000UK |||||||||||||||||eng|d
999 |c 323503  |d 323501 
040 |c Pontificia Universidad Católica de Valparaíso 
082 0 4 |a 839 STU 1893  |2 21 
100 0 |a Sturluson, Snorri  |9 515800 
245 1 4 |a The stories of the Kings of Norway. Called the Round World, Heimskringla 
260 0 3 |a London, England, United Kingdom  |b Bernard Quaritch  |c 1893 
300 |a 4 volúmenes. 
490 0 |a The Saga Library.  |v 3, 4, 5 y 6 
500 |a El volumen 1 incluye un mapa de Noruega, en bolsillo 
583 |a last modification  |c 20190801 09:13:04  |k Rodrigo Vera 
650 7 |a LITERATURA NORDICA  |2 CL-VaPUC  |9 515801 
650 7 |a LEYENDAS  |2 CL-VaPUC  |9 265258 
650 7 |a NOVELA HISTORICA  |2 CL-VaPUC  |9 315497 
650 0 |a Genealogía  |9 255285 
650 0 |a Mapas  |9 260844 
651 7 |a NORUEGA  |2 CL-VaPUC  |9 268907 
651 7 |a ESCANDINAVIA  |2 CL-VaPUC  |9 356969 
651 7 |a DINAMARCA  |2 CL-VaPUC  |9 315123 
942 |c BK  |2 ddc 
945 |d 20070124 00:00:00  |a rinostro 
952 |0 0  |1 0  |4 0  |6 839_000000000000000_STU_1893  |7 0  |8 X  |9 403172  |a FDOBUD  |b FDOBUD  |d 2019-11-22  |h v.1  |i 1063545  |o 839 STU 1893  |p 1063545  |r 2019-11-22  |t 1  |w 2019-11-22  |y BK_X  |k BUD 
952 |0 0  |1 0  |4 0  |6 839_000000000000000_STU_1893  |7 0  |8 X  |9 403173  |a FDOBUD  |b FDOBUD  |d 2019-11-22  |h v.2  |i 1065076  |o 839 STU 1893  |p 1065076  |r 2019-11-22  |t 1  |w 2019-11-22  |y BK_X  |k BUD 
952 |0 0  |1 0  |4 0  |6 839_000000000000000_STU_1893  |7 0  |8 X  |9 403174  |a FDOBUD  |b FDOBUD  |d 2019-11-22  |h v.3  |i 1065394  |o 839 STU 1893  |p 1065394  |r 2019-11-22  |t 1  |w 2019-11-22  |y BK_X  |k BUD 
952 |0 0  |1 0  |4 0  |6 839_000000000000000_STU_1893  |7 0  |8 X  |9 403175  |a FDOBUD  |b FDOBUD  |d 2019-11-22  |h v.4  |i 1063553  |o 839 STU 1893  |p 1063553  |r 2019-11-22  |t 1  |w 2019-11-22  |y BK_X  |k BUD